Normal view
MARC view
- Mercedes otomobiller
Entry Topical Term
001 - CONTROL NUMBER
- control field: 120099
003 - CONTROL NUMBER IDENTIFIER
- control field: TR-AnTOB
005 - DATE AND TIME OF LATEST TRANSACTION
- control field: 20180713111747.0
008 - FIXED-LENGTH DATA ELEMENTS
- fixed length control field: 180528n|eacannbab| |a aaa
035 ## - SYSTEM CONTROL NUMBER
- System control number: (TR-AnTOB)120099
040 ## - CATALOGING SOURCE
- Original cataloging agency: TR-AnTOB
150 ## - HEADING--TOPICAL TERM
- Topical term or geographic name entry element: Mercedes otomobiller
- General subdivision: Tarih
450 ## - SEE FROM TRACING--TOPICAL TERM
- Topical term or geographic name entry element: Mercedes arabalar
- General subdivision: Tarih
450 ## - SEE FROM TRACING--TOPICAL TERM
- Topical term or geographic name entry element: Mercedes automobiles
- General subdivision: History
672 ## - TITLE RELATED TO THE ENTITY
- Bibliographic record control number: 200429713
750 ## - ESTABLISHED HEADING LINKING ENTRY--TOPICAL TERM
- Authority record control number or standard number: (DLC)sh2010101499
- Source of heading or term: lcsh
750 ## - ESTABLISHED HEADING LINKING ENTRY--TOPICAL TERM
- Authority record control number or standard number: (TR-AnTOB)1200100
- Source of heading or term: etuesh



